100 Most Valuable American Companies - Statistics

General Stats
  • This quiz has been taken 84 times
  • The average score is 38 of 100
Answer Stats
$ Value Sector Ticker Company % Correct
2539 bil Consumer Discretionary AMZN Amazon
100%
3363 bil Communication Services GOOGL Alphabet
98%
4033 bil Technology AAPL Apple
98%
1537 bil Communication Services META Meta Platforms
97%
3740 bil Technology MSFT Microsoft
97%
1336 bil Consumer Discretionary TSLA Tesla
97%
817 bil Consumer Staples WMT Walmart
90%
489 bil Communication Services NFLX Netflix
87%
410 bil Consumer Staples COST Costco
82%
842 bil Financials JPM JPMorgan Chase
82%
4549 bil Technology NVDA NVIDIA
82%
620 bil Technology ORCL Oracle
82%
191 bil Technology UBER Uber
75%
174 bil Communication Services VZ Verizon
74%
285 bil Technology IBM IBM
72%
470 bil Healthcare JNJ Johnson & Johnson
69%
266 bil Financials WFC Wells Fargo
67%
501 bil Energy XOM Exxon Mobil
64%
321 bil Industrials GE General Electric
62%
301 bil Healthcare UNH United Health
62%
219 bil Consumer Discretionary MCD McDonald's
61%
1108 bil Financials BRK-B Berkshire Hathaway
59%
649 bil Financials V Visa
57%
193 bil Communication Services DIS Walt Disney
57%
403 bil Technology AMD AMD
56%
183 bil Communication Services T AT&T
56%
259 bil Industrials CAT Caterpillar
56%
305 bil Technology CSCO Cisco
54%
917 bil Healthcare LLY Eli Lilly
54%
306 bil Consumer Staples KO Coca-Cola
52%
499 bil Financials MA Mastercard
52%
386 bil Financials BAC Bank of America
51%
187 bil Technology QCOM QUALCOMM
51%
171 bil Technology INTC Intel
49%
198 bil Consumer Staples PEP Pepsico
49%
240 bil Communication Services TMUS T-Mobile
46%
140 bil Technology ADBE Adobe
44%
410 bil Technology PLTR Palantir
44%
251 bil Financials AXP American Express
43%
242 bil Financials GS Goldman Sachs
43%
366 bil Consumer Discretionary HD Home Depot
41%
346 bil Consumer Staples PG Procter & Gamble
41%
181 bil Technology INTU Intuit
38%
147 bil Healthcare PFE Pfizer
38%
166 bil Financials BLK BlackRock
36%
148 bil Industrials BA Boeing
36%
311 bil Energy CVX Chevron
36%
263 bil Financials MS Morgan Stanley
36%
109 bil Financials HOOD Robinhood
34%
169 bil Financials SCHW Charles Schwab
33%
180 bil Financials C Citigroup
33%
130 bil Consumer Discretionary LOW Lowe's Companies
33%
128 bil Industrials DE Deere & Company
30%
233 bil Industrials RTX RTX
30%
229 bil Technology CRM Salesforce
28%
181 bil Healthcare AMGN Amgen
26%
1605 bil Technology AVGO Broadcom
26%
231 bil Healthcare MRK Merck
26%
410 bil Healthcare ABBV AbbVie
25%
266 bil Technology MU Micron
25%
112 bil Financials KKR KKR & Co.
23%
164 bil Consumer Discretionary BKNG Booking Holdings
21%
147 bil Technology TXN Texas Instruments
21%
225 bil Healthcare ABT Abbott Laboratories
18%
106 bil Industrials LMT Lockheed Martin
18%
131 bil Financials PGR Progressive
18%
177 bil Technology NOW ServiceNow
18%
133 bil Technology CRWD CrowdStrike
16%
155 bil Healthcare GILD Gilead Sciences
16%
200 bil Healthcare ISRG Intuitive Surgical
16%
217 bil Healthcare TMO Thermo Fisher Scientific
16%
178 bil Technology AMAT Applied Materials
15%
127 bil Industrials HON Honeywell
15%
193 bil Technology LRCX Lam Research
15%
188 bil Communication Services APP AppLovin
13%
138 bil Financials COF Capital One
13%
241 bil Consumer Staples PM Philip Morris International
13%
152 bil Financials SPGI S&P Global
13%
110 bil Energy COP ConocoPhillips
11%
108 bil Healthcare HCA HCA Healthcare
11%
175 bil Utilities NEE Nextera Energy
11%
140 bil Technology PANW Palo Alto Networks
11%
143 bil Healthcare SYK Stryker Corporation
11%
164 bil Technology ANET Arista Networks
10%
156 bil Healthcare DHR Danaher
10%
153 bil Technology KLAC KLA
10%
117 bil Technology ADI Analog Devices
8%
156 bil Healthcare BSX Boston Scientific
8%
163 bil Consumer Discretionary TJK TJX Companies
8%
166 bil Technology APH Amphenol
7%
151 bil Industrials GEV GE Vernova
7%
114 bil Financials IBKR Interactive Brokers
7%
115 bil Real Estate PLD Prologis
7%
108 bil Materials SCCO Southern Copper
7%
131 bil Industrials UNP Union Pacific Corporation
7%
105 bil Utilities CEG Constellation Energy
5%
106 bil Industrials PH Parker-Hannfin
5%
131 bil Real Estate WELL Welltower
5%
170 bil Financials BX Blackstone Groupe
3%
110 bil Healthcare VRTX Vertax Pharmaceuticals
3%
No matching quizzes found
Score Distribution
Percent of People with Each Score
Percentile by Number Answered
Your Score History
You have not taken this quiz